000 02596cam a2200361 4500500
005 20260111094540.0
041 _afre
042 _adc
100 1 0 _aBrouard, Emmanuel
_eauthor
245 0 0 _aL'élevage dans le Maine-et-Loire au xixe siècle
260 _c2008.
500 _a3
520 _aRésuméAu xixe siècle, la place de l’élevage dans l’économie agricole du Maine-et-Loire est contrastée. Dans l’ouest bocager, la densité du bétail est élevée ; l’élevage et l’engraissement des bovins sont des activités essentielles des métairies. Dans l’est, les densités et l’importance économique du bétail sont plus faibles, surtout dans le Saumurois. Au cours du siècle, le développement des cultures fourragères et la transformation des assolements permettent un accroissement de la quantité de bétail et une amélioration de ses qualités. L’usage des chevaux pour les travaux agricoles se développe alors que l’engraissement des bœufs et des vaches prend une grande extension. Cependant, l’élevage progresse surtout là où il jouait déjà par le passé un rôle important et les contrastes demeurent.
520 _aIn the xixth century, the importance of cattle-raising in the farming economy of Maine-et-Loire was highly uneven. In the bocage to the West, cattle density was high, and the raising and fattening of cattle was a core activity of sharecroppers. In the East, both the density of cattle and its economic role are less significant, especially in the Saumur area. As the century went by, the development of fodder plants and the transformation of crop rotation allowed for a higher number of cattle heads and improved stock quality. Horses were increasingly used for agricultural work, while the fatteining of beef and cows spread considerably. However, cattle-raising increased mostly in areas were its past role had already been significant, and the basic contrasts were not erased.
690 _aAnjou
690 _aassolement
690 _abovins
690 _achaux
690 _achevaux
690 _aélevage
690 _aMaine-et-Loire
690 _arévolution agricole
690 _aagricultural revolution
690 _aAnjou
690 _acattle
690 _acattle-raising
690 _acrop rotation
690 _ahorses
690 _alime
690 _aMaine-et-Loire
786 0 _nHistoire & Sociétés Rurales | 29 | 1 | 2008-09-01 | p. 95-131 | 1254-728X
856 4 1 _uhttps://shs.cairn.info/revue-histoire-et-societes-rurales-2008-1-page-95?lang=fr&redirect-ssocas=7080
999 _c1628730
_d1628730